Ronaldo teams quiz - Statistics

General Stats
  • This quiz has been taken 8 times
  • The average score is 5 of 6
Answer Stats
Answer % Correct
Juventus
100%
Manchester united
100%
Manchester united
100%
Real madrid
100%
Al nassr
71%
Sporting CP
29%
No matching quizzes found
Score Distribution
Percent of People with Each Score
Percentile by Number Answered
Your Score History
You have not taken this quiz